Napreduje sám, pomáha aj druhým

Celulózovo-papierenský priemysel dosiahol vlani zisk za vyše dve miliardy a do roku 2000 investuje takmer 11 mld. korún. Charakteristika celulózovo-papierenského priemyslu podľa niektorých rozhodujúcich ukazovateľov. Vývoj hospodárskeho výsledku a produktivita práce v tomto odvetví. Využívanie výrob...

Full description

Saved in:
Bibliographic Details
Main Author: Šulek, F.
Other Authors: Oujezdská, L.
Format: Book Chapter
Language:Slovak
Subjects:
Tags: Add Tag
No Tags, Be the first to tag this record!

MARC

LEADER 00000naa a2200000 4500
001 r021700
005 20230801105422.0
041 0 |a slo 
044 |a SK 
245 1 0 |a Napreduje sám, pomáha aj druhým  |c F. Šulek, L. Oujezdská 
520 |a Celulózovo-papierenský priemysel dosiahol vlani zisk za vyše dve miliardy a do roku 2000 investuje takmer 11 mld. korún. Charakteristika celulózovo-papierenského priemyslu podľa niektorých rozhodujúcich ukazovateľov. Vývoj hospodárskeho výsledku a produktivita práce v tomto odvetví. Využívanie výrobných a spracovateľských kapacít v priemysle. Niektoré problémy a východiská z nich. Orientácia ďalšieho rozvoja celulózo-papierenského priemyslu. 
610 2 0 |a priemysel papiernický 
610 2 0 |a priemysel celulózový 
610 2 0 |a výsledok hospodársky 
610 2 0 |a objem výroby 
610 2 0 |a vývoz 
610 2 0 |a produktivita práce 
610 2 0 |a investície 
610 2 0 |a programy výrobné 
610 2 0 |a modernizácia 
610 2 0 |a ukazovatele ekonomické 
100 1 |a Šulek, F. 
700 1 |a Oujezdská, L.